| 000 | 03617nam a22002657a 4500 | ||
|---|---|---|---|
| 001 | 216219077 | ||
| 003 | UA-OsUOA | ||
| 005 | 20210103182533.0 | ||
| 008 | 200819b un ||||| m||| 00| 0 ukr d | ||
| 040 |
_aUA-OsUOA _bukr _cUA-OsUOA _dUA-OsUOA |
||
| 041 | _aukr | ||
| 080 | _a821.161.2(091)"193"(043.3) | ||
| 090 | _a821.161.2(091)"193"(043.3) | ||
| 095 |
_a10.01.01 _bукраїнська література |
||
| 100 | _aБикова Т. В. | ||
| 245 |
_aГуцульщина як текст в українській літературі першої третини XX століття _cБикова Тетяна Валеріївна ; наук. керівник Погребенник Володимир Федорович |
||
| 260 |
_aКиїв _c2016 |
||
| 300 | _a40 с. | ||
| 502 |
_6Автореферат дисертації на здобуття наукового ступеня доктора філологічних наук
_cІнститут літератури ім. Т. Г. Шевченка _d2016 |
||
| 520 | _aУ дисертації досліджено функціонування художньої парадигми “Гуцульщина як текст” в українській літературі першої третини XX ст. На матеріалі значного текстового масиву вперше комплексно проаналізовано самобутній феномен гуцульського тексту, визначено основні критерії та художні проекції його функціонування в українському літературному континуумі, що засвідчили створення поліаспектного образу Гуцульщини і оновлення інтертекстуальних зв’язків національної літератури. З’ясовано специфіку теоретико-методологічного поняття “край як текст”, його співвідношення із понятійними категоріями “метатекст”, “локальний текст” та “регіональний текст”. Визначено культурологічні коди творів про Гуцульщину перших десятиріч XX ст., виділено і в імагологічній площині охарактеризовано гуцульські тексти та семантичне наповнення окремих ідейно-тематичних проекцій (історіософської, культурологічної та міфофольклорної), які презентують край в українській та європейських літературах. Доведено, що гуцульські тексти вітчизняного письменства першої третини XX ст. збагатили українську літературу естетично рафінованою рецепцією краю, а також посприяли етноконсолідуючим процесам довкола реалізації української національної ідеї та державності. | ||
| 650 |
_2UDC _a821.161.2 Українська література |
||
| 942 |
_2udc _cAR |
||
| 955 | _a1 | ||
| 999 |
_c461087 _d461087 |
||